Library Logo

Pioneer International University Library Catalogue

Organizational behavior : (Record no. 6446)

MARC details
000 -LEADER
fixed length control field 00581nam a2200181 a 4500
005 - DATE AND TIME OF LATEST TRANSACTION
control field 20250901165609.0
008 - FIXED-LENGTH DATA ELEMENTS--GENERAL INFORMATION
fixed length control field 841101s1984 ohua b 001 0 eng
010 ## - LIBRARY OF CONGRESS CONTROL NUMBER
LC control number 83043158
020 ## - INTERNATIONAL STANDARD BOOK NUMBER
International Standard Book Number 0675200989
050 00 - LIBRARY OF CONGRESS CALL NUMBER
Classification number HD58.7 .G7 1984
Item number .G7 1984
082 00 - DEWEY DECIMAL CLASSIFICATION NUMBER
Classification number 658.3
Edition information 19
100 1# - MAIN ENTRY--PERSONAL NAME
Personal name Gray, Jerry L.
245 10 - TITLE STATEMENT
Title Organizational behavior :
Remainder of title concepts and applications /
Statement of responsibility, etc. Jerry L. Gray, Frederick A. Starke.
250 ## - EDITION STATEMENT
Edition statement 3rd ed.
260 ## - PUBLICATION, DISTRIBUTION, ETC.
Place of publication, distribution, etc. Columbus :
Name of publisher, distributor, etc. C.E. Merrill Pub. Co.,
Date of publication, distribution, etc. c1984.
300 ## - PHYSICAL DESCRIPTION
Extent x, 746 p. :
Other physical details ill. ;
Dimensions 24 cm.
942 ## - ADDED ENTRY ELEMENTS (KOHA)
Source of classification or shelving scheme Library of Congress Classification
Classification part HD58.7 .G7 1984
Holdings
Withdrawn status Lost status Source of classification or shelving scheme Damaged status Not for loan Home library Current library Shelving location Date acquired Total checkouts Full call number Barcode Date last seen Price effective from Koha item type
    Library of Congress Classification     Main Library Main Library   02/07/2024   HD58.7 .G7 1984 PIU0003931 02/07/2024 02/07/2024 Books